00587 2200217 4500001002100000005001500021035002000036245005500056100001700111300002900128260004800157082000800205084001400213020002200227650002100249650001500270650001700285650001100302008004100313990001500354INLIS00000000000045620260303105716 a0010-03260000051 aMantappu Jiwa :bBuku Latihan Soal /cJerome Polin0 aJerome Polin a224 hlm. ;c13,5 x 20 cm aJakarta :bPT Gramedia Pustaka Utama,c2019 a813 a813 JER m a978-602-063-241-4 aKisah perjalanan aMatematika aJerome Polin aSastra260303 g 1 ind  a00005/F/26